000 01103pam a2200277 a 4500
001 2105333
003 OSt
005 20240625120231.0
008 960528s1996 enka 001 0 eng
010 _a 96009219
020 _a0521552893
040 _aDLC
_cMUST
_dDLC
082 0 0 _a332 BAX 1996
100 1 _aBaxter, Martin,
_d1968-
_917796
245 1 0 _aFinancial calculus :
_ban introduction to derivative pricing /
_cMartin Baxter, Andrew Rennie.
260 _aCambridge ;
_aNew York, NY :
_bCambridge University Press,
_c1996.
300 _aix, 233 p. :
_bill. ;
_c24 cm.
500 _aIncludes index.
650 0 _aDerivative securities
_xPrices
_xMathematics.
_917797
700 1 _aRennie, Andrew,
_d1968-
_917798
856 4 2 _3Publisher description
_uhttp://www.loc.gov/catdir/description/cam027/96009219.html
856 4 1 _3Table of contents
_uhttp://www.loc.gov/catdir/toc/cam027/96009219.html
906 _a7
_bcbc
_corignew
_d1
_eocip
_f19
_gy-gencatlg
942 _2ddc
_cO_SHELF
999 _c8807
_d8807